000 00411nam a2200169 a 4500
001 0000-9218
003 ELIB.Books
008 110520 1974
035 _a(ELIB.Books)0000-9370
082 _a230
_bKoy
100 _aKoyama, Kosuke
245 _aWaterbuffalo Theology
260 _bMaryknoll: Orbis Books
_c1974
650 _aTheology
942 _2ddc
_cBK
998 _cbat
_e2011-05-20
999 _c9218
_d9218